000 02714nam a22011057a 4500
003 PE-LiUPU
005 20250813185655.0
008 230704b |||||||| |||| 00| 0 eng d
020 _a9780195337501
040 _aPE-LiUPU
_bspa
_cPE-LiUPU
_dPE-LiUPU
_erda
082 _223
_a353
_bB162t
100 _aBainbridge, Stephen M.
_91476
_d1958.
_eautor.
245 1 4 _aThe New corporate governance in theory and practice /
_cStephen M. Bainbridge
264 _aNew York :
_bOxford University Press,
_c2008.
300 _axiii, 245 páginas ;
_c24 centímetros.
504 _aIncluye bibliografía, índice páginas 237-245.
505 _aThe means and ends of corporate governance -- Why a board? -- Director primacy in the courts -- The shift from managerialism to director primacy -- The future of corporate governance: director or shareholder primacy.
526 _aP202
526 _aP201
526 _aP163
526 _aP162
526 _aP161
526 _aP160
526 _aP148
526 _aP147
526 _aP146
526 _aP145
526 _aP144
526 _aP143
526 _aP142
526 _aP141
526 _aP140
526 _aP139
526 _aP138
526 _aP137
526 _aP136
526 _aP135
526 _aP134
526 _aP133
526 _aP129
526 _aP128
526 _aP127
526 _aP120
526 _aP119
526 _aP118
526 _aP116
526 _aP115
526 _aP114
526 _aP110
526 _aP109
526 _aP108
526 _aP104
526 _aP103
526 _aP102
526 _aP99
526 _aP98
526 _aP97
526 _aP96
526 _aP95
526 _aP93
526 _aP90
526 _aP89
526 _aP88
526 _aP83
526 _aP82
526 _aP62
526 _aP59
526 _aP58
526 _aP57
526 _aP51
526 _aP49
526 _aP48
526 _aP47
526 _aP29
526 _aP24
526 _aP20
526 _aP19
526 _aP17
526 _aP15
526 _aP14
526 _aP12
526 _aP10
526 _aP09
526 _aP08
526 _aP07
526 _aP06
526 _aP05
526 _aP04
526 _aP01
650 0 _aGobierno corporativo
_xLey y legislacón
_zEstados Unidos
_91479
650 0 _aGobierno corporativo
_zEstados Unidos
_91478
942 _2ddc
_cBK
_n0
980 _621515
_aDIGNA BRAÑES Analista Documental
_81
_gALBERTO SANCHEZ Responsable de Automatización
999 _c61893
_d61893